| 000 | 01529nam a2200217 a 4500 | ||
|---|---|---|---|
| 008 | 110111s2009 ||||||||||||||||| || u | ||
| 050 | _aCIFOR(058)AR/2009 | ||
| 110 | _aCenter for International Forestry Research (CIFOR) | ||
| 245 | 1 | 4 | _aThe turning point: CIFOR annual report 2009: thinking beyond the canopy |
| 260 |
_aIndonesia: _bCenter for International Forestry Research (CIFOR) _c2009 |
||
| 350 | _a0.00 | ||
| 650 | _aINTERNATIONAL ORGANIZATIONS--HISTORY | ||
| 650 | _aFORESTRY | ||
| 650 | _aFORESTRY PROJECTS | ||
| 995 |
_aSPECIAL COLLECTIONS _D0.00 _e742477 _FCBU-MAIN LIBRARY (Kitwe) _H1 _I0.00 _jCIFOR(058)AR/2009A _M1 _UAVAILABLE _WJan 27, 2011 _y742477 _ZInternational Publications |
||
| 995 |
_aSPECIAL COLLECTIONS _D0.00 _e742481 _FCBU-MAIN LIBRARY (Kitwe) _H1 _I0.00 _jCIFOR(058)AR/2009E _M5 _UAVAILABLE _WJun 15, 2011 _y742481 _ZInternational Publications |
||
| 995 |
_aSPECIAL COLLECTIONS _D0.00 _e742479 _FCBU-MAIN LIBRARY (Kitwe) _H1 _I0.00 _jCIFOR(058)AR/2009C _M3 _UAVAILABLE _WJun 15, 2011 _y742479 _ZInternational Publications |
||
| 995 |
_aSPECIAL COLLECTIONS _D0.00 _e742480 _FCBU-MAIN LIBRARY (Kitwe) _H1 _I0.00 _jCIFOR(058)AR/2009D _M4 _UAVAILABLE _WJun 15, 2011 _y742480 _ZInternational Publications |
||
| 995 |
_aSPECIAL COLLECTIONS _D0.00 _e742478 _FCBU-MAIN LIBRARY (Kitwe) _H1 _I0.00 _jCIFOR(058)AR/2009B _M2 _UAVAILABLE _WJan 27, 2011 _y742478 _ZInternational Publications |
||
| 995 |
_aSPECIAL COLLECTIONS _D0.00 _e742482 _FCBU-MAIN LIBRARY (Kitwe) _H1 _I0.00 _jCIFOR(058)AR/2009F _M6 _UAVAILABLE _WJun 15, 2011 _y742482 _ZInternational Publications |
||
| 999 |
_c81454 _d81454 |
||